[Event "Dortmund Sparkassen op-B"]
[Site "Dortmund"]
[Date "2013.07.31"]
[Round "5"]
[White "Schwarznecker, Christina"]
[Black "Jaskolka, Klaus"]
[Result "1/2-1/2"]
[WhiteElo "1241"]
[BlackElo "1696"]
[PlyCount "90"]
[EventDate "2013.07.27"]
[EventType "swiss"]
[EventRounds "9"]
[EventCountry "GER"]
[SourceTitle "EXT 2022"]
[Source "ChessBase"]
[SourceDate "2021.10.06"]
[SourceVersion "1"]
[SourceVersionDate "2021.10.06"]
[SourceQuality "1"]

1. f4 d5 2. b3 Nf6 3. Bb2 e6 4. Nf3 c5 5. e3 Be7 6. Bb5+ Bd7 7. Qe2 0-0 8. 0-0 Qb6 9. Bxd7 Nbxd7 10. d3 Rfd8 11. Nbd2 Qc7 12. Ne5 b5 13. Ndf3 Rac8 14. Ng5 Rf8 15. c4 bxc4 16. bxc4 h6 17. Ngf3 dxc4 18. Nxc4 Nd5 19. Nfe5 N7b6 20. Qg4 Bf6 21. Rae1 Nxc4 22. Nxc4 Bxb2 23. Nxb2 Qb6 24. Nc4 Qa6 25. a3 Rb8 26. f5 Rb3 27. Qe2 exf5 28. Rxf5 Nc3 29. Qc2 Rfb8 30. Rxc5 Qf6 31. Nd2 Na4 32. Rc4 Rb2 33. Qc1 Qa6 34. d4 Qa5 35. Rc2 Rxc2 36. Qxc2 Rb2 37. Qc8+ Kh7 38. Nf3 Nb6 39. Qc5 Rb5 40. Qc2+ f5 41. Rb1 Nc4 42. Rxb5 Qxb5 43. Qd3 Qd5 44. Nd2 Nd6 45. g4 g6 1/2-1/2

[Event "Dortmund Sparkassen op-B"]
[Site "Dortmund"]
[Date "2012.07.19"]
[Round "6"]
[White "Schwarznecker, Christina"]
[Black "Dirks, Rainer"]
[Result "1/2-1/2"]
[WhiteElo "1067"]
[BlackElo "1223"]
[PlyCount "86"]
[EventDate "2012.07.14"]
[EventType "swiss"]
[EventRounds "9"]
[EventCountry "GER"]
[SourceTitle "EXT 2014"]
[Source "ChessBase"]
[SourceDate "2013.11.20"]
[SourceVersion "1"]
[SourceVersionDate "2013.11.20"]
[SourceQuality "1"]

1. e4 e5 2. Nf3 Nc6 3. Bc4 Na5 4. Nxe5 Nxc4 5. Nxc4 d5 6. exd5 Qxd5 7. Qe2+ Be6 8. Ne3 Qc6 9. d3 Bd6 10. Nc3 Nf6 11. f3 0-0-0 12. Nc4 Bxc4 13. dxc4 Rhe8 14. Be3 Rxe3 15. Qxe3 Re8 16. Qxe8+ Qxe8+ 17. Ne2 Bc5 18. Rd1 b6 19. c3 Qe6 20. b3 Bd6 21. Kf2 Bc5+ 22. Nd4 Bxd4+ 23. cxd4 Qf5 24. Rde1 g5 25. d5 g4 26. Re7 gxf3 27. gxf3 Kd8 28. Rxf7 Ng4+ 29. Kg3 Qxf7 30. fxg4 Qg6 31. h3 Qc2 32. Rh2 Qc3+ 33. Kh4 Kd7 34. Re2 a5 35. Rg2 Kd6 36. Re2 Kc5 37. Re6 Qb2 38. Rc6+ Kd4 39. Rxc7 Qf2+ 40. Kg5 Qe3+ 41. Kh4 h6 42. Rg7 Qf3 43. Rg6 Qf2+ 1/2-1/2

[Event "Dortmund Sparkassen op-B"]
[Site "Dortmund"]
[Date "2012.07.17"]
[Round "4"]
[White "Fahle, Karl Wilhelm"]
[Black "Schwarznecker, Christina"]
[Result "1-0"]
[WhiteElo "1256"]
[BlackElo "1067"]
[PlyCount "107"]
[EventDate "2012.07.14"]
[EventType "swiss"]
[EventRounds "9"]
[EventCountry "GER"]
[SourceTitle "EXT 2014"]
[Source "ChessBase"]
[SourceDate "2013.11.20"]
[SourceVersion "1"]
[SourceVersionDate "2013.11.20"]
[SourceQuality "1"]

1. e4 d6 2. d4 Nf6 3. Nc3 g6 4. Nf3 Bg7 5. h3 0-0 6. Be3 e6 7. Qd2 Re8 8. 0-0-0 b6 9. Be2 Bb7 10. e5 Ne4 11. Nxe4 Bxe4 12. Rhg1 Nd7 13. Bh6 Bh8 14. exd6 cxd6 15. Ng5 Bd5 16. Bf3 Nf6 17. Qf4 e5 18. dxe5 dxe5 19. Bxd5 Bg7 20. Bxf7+ Kh8 21. Bxg7+ Kxg7 22. Rxd8 exf4 23. Bxe8 Rxd8 24. Ne6+ Kg8 25. Bf7+ Kxf7 26. Nxd8+ Ke8 27. Ne6 Ne4 28. Re1 Nxf2 29. Nxf4+ Kd7 30. Re2 Nh1 31. Re3 Nf2 32. g4 Kc6 33. g5 a5 34. Nd3 Nh1 35. Rf3 Kb5 36. Nf4 Kc4 37. Ne6 a4 38. Nf8 b5 39. Nxh7 b4 40. b3+ axb3 41. axb3+ Kd4 42. Nf6 Ke5 43. Kd2 Nf2 44. Rxf2 Kd4 45. h4 Kc5 46. h5 gxh5 47. Nxh5 Kd5 48. g6 Ke5 49. g7 Kd6 50. g8Q Ke5 51. Qg5+ Ke6 52. Rf6+ Ke7 53. Qg7+ Ke8 54. Rf8# 1-0

[Event "Dortmund Sparkassen op-B"]
[Site "Dortmund"]
[Date "2012.07.16"]
[Round "3"]
[White "Schwarznecker, Christina"]
[Black "Richter, Marc"]
[Result "0-1"]
[WhiteElo "1067"]
[BlackElo "1392"]
[PlyCount "118"]
[EventDate "2012.07.14"]
[EventType "swiss"]
[EventRounds "9"]
[EventCountry "GER"]
[SourceTitle "EXT 2014"]
[Source "ChessBase"]
[SourceDate "2013.11.20"]
[SourceVersion "1"]
[SourceVersionDate "2013.11.20"]
[SourceQuality "1"]

1. e4 e6 2. d4 Nf6 3. Nc3 Bb4 4. Bg5 Bxc3+ 5. bxc3 h6 6. Bh4 g5 7. Bg3 Nxe4 8. Qf3 Nxg3 9. Qxg3 Nc6 10. Nf3 d6 11. c4 Nb4 12. Bd3 Nxd3+ 13. cxd3 Qf6 14. 0-0 Qf4 15. Rae1 Qxg3 16. fxg3 f5 17. c5 0-0 18. Re3 Bd7 19. Rfe1 Rae8 20. a4 Rf6 21. a5 a6 22. h3 Bc6 23. Nd2 Bd5 24. Rf1 Kg7 25. Re2 Kf7 26. Rfe1 Kg6 27. Nb1 dxc5 28. dxc5 e5 29. Nc3 Bc6 30. Rb1 Rd8 31. Rd1 Rd4 32. Red2 Rf7 33. Kf2 Rfd7 34. Ke1 e4 35. dxe4 Rxd2 36. exf5+ Kxf5 37. Rxd2 Rxd2 38. Kxd2 Bxg2 39. h4 gxh4 40. Nd1 h3 41. Nf2 h2 42. Ke3 h1Q 43. Nxh1 Bxh1 44. Kd4 Kg4 45. Ke3 Kxg3 46. Kd4 h5 47. Ke5 h4 48. Ke6 Bc6 49. Ke5 h3 50. Ke6 h2 51. Ke5 h1Q 52. Kd4 Qd5+ 53. Kc3 Bb5 54. c6 Qd3+ 55. Kb2 bxc6 56. Ka2 Bc4+ 57. Ka1 Qd2 58. Kb1 Bb3 59. Ka1 Qc1# 0-1

[Event "Dortmund Sparkassen op-B"]
[Site "Dortmund"]
[Date "2012.07.14"]
[Round "1"]
[White "Guenaydin, Alperen"]
[Black "Schwarznecker, Christina"]
[Result "1-0"]
[WhiteElo "1401"]
[BlackElo "1067"]
[PlyCount "123"]
[EventDate "2012.07.14"]
[EventType "swiss"]
[EventRounds "9"]
[EventCountry "GER"]
[SourceTitle "EXT 2014"]
[Source "ChessBase"]
[SourceDate "2013.11.20"]
[SourceVersion "1"]
[SourceVersionDate "2013.11.20"]
[SourceQuality "1"]

1. d4 d6 2. c4 Nf6 3. Nc3 g6 4. e4 Bg7 5. Be3 0-0 6. h3 Nc6 7. Nf3 Nd7 8. Qd2 b6 9. g4 e5 10. d5 Ne7 11. h4 Nf6 12. g5 Ng4 13. h5 f5 14. gxf6 Rxf6 15. Be2 Qf8 16. hxg6 Nxg6 17. Nb5 Rxf3 18. Bxf3 Qxf3 19. Rf1 Nh4 20. Qe2 Ba6 21. Qxf3 Nxf3+ 22. Ke2 Nd4+ 23. Bxd4 exd4 24. b3 d3+ 25. Kxd3 Bxa1 26. Nxc7 Rc8 27. Nxa6 Be5 28. Rg1 h5 29. f3 Rf8 30. fxg4 hxg4 31. Rxg4+ Kh7 32. Nc7 Rf2 33. Nb5 Rxa2 34. Nd4 Ra3 35. Rh4+ Kg7 36. Rh3 a5 37. Rh1 a4 38. Rg1+ Kf6 39. Rf1+ Ke7 40. Nc6+ Ke8 41. Nxe5 dxe5 42. Rb1 axb3 43. Kc3 b2+ 44. Kd2 Rg3 45. Rxb2 Rg2+ 46. Kc3 Rxb2 47. Kxb2 Ke7 48. Kb3 Kd6 49. Kb4 Kc7 50. Kb5 Kb7 51. d6 Kc8 52. Kxb6 Kd7 53. c5 Kc8 54. c6 Kd8 55. Kb7 Ke8 56. c7 Kf7 57. c8Q Kf6 58. Qf5+ Kg7 59. Qe6 Kf8 60. d7 Kg7 61. d8Q Kh7 62. Qdg8# 1-0